[Event "HUN-chT3"]
[Site "Hungary"]
[Date "1997.??.??"]
[Round "?"]
[White "Adam, Gyozo"]
[Black "Csakai, Gyula"]
[Result "0-1"]
[WhiteElo "1610"]
[BlackElo "1805"]
[PlyCount "164"]
[EventDate "1997.??.??"]
[EventType "team"]
[EventRounds "13"]
[EventCountry "HUN"]
[SourceTitle "EXT 2001"]
[Source "ChessBase"]
[SourceDate "2000.11.22"]
[SourceVersion "1"]
[SourceVersionDate "2000.11.22"]
[SourceQuality "1"]

1. e4 c5 2. f4 Nc6 3. Nf3 d6 4. Bb5 Nf6 5. Qe2 a6 6. Bxc6+ bxc6 7. 0-0 g6 8. d4 cxd4 9. Nxd4 Qb6 10. Qe3 Bg7 11. e5 Nd5 12. Qf2 dxe5 13. fxe5 0-0 14. c4 Bxe5 15. Nf3 Qxf2+ 16. Rxf2 Bd6 17. cxd5 Bc5 18. dxc6 Bxf2+ 19. Kxf2 Ra7 20. Bh6 Rd8 21. Na3 Rd6 22. Rc1 f6 23. Be3 Rc7 24. h3 Rdxc6 25. Rxc6 Rxc6 26. b4 Rc3 27. Nb1 Rc2+ 28. Nbd2 Rxa2 29. Bc5 Kf7 30. h4 Bd7 31. g3 Bc6 32. Ke3 Ra3+ 33. Ke2 Bd7 34. Kf2 Ra2 35. Ke3 a5 36. bxa5 Rxa5 37. Bb4 Ra4 38. Bc5 Rg4 39. Kf2 Ra4 40. Be3 e5 41. Nh2 Bc6 42. Nhf1 Ke6 43. Nb3 Ra2+ 44. Nfd2 Kd6 45. Nc1 Rc2 46. Nd3 Bb5 47. Ne1 Ra2 48. Kf3 Bc6+ 49. Kf2 Ke6 50. Nd3 Bb5 51. Nc5+ Ke7 52. Nce4 Bc6 53. Nc3 Rc2 54. Ne2 Ke6 55. Nb3 Bb5 56. Nd2 Kf5 57. Ng1 Kg4 58. Ngf3 Bc6 59. Ng1 f5 60. Ne2 Bb5 61. Ke1 Bxe2 62. Kxe2 Kxg3 63. Bf2+ Kg4 64. Kd3 Ra2 65. Be1 Ra1 66. Bf2 Ra3+ 67. Ke2 Ra2 68. Kd3 e4+ 69. Ke2 f4 70. Be1 e3 71. Kd3 exd2 72. Bxd2 Rxd2+ 73. Kxd2 Kxh4 74. Ke2 g5 75. Kf3 Kh3 76. Kf2 g4 77. Kg1 g3 78. Kh1 f3 79. Kg1 f2+ 80. Kf1 Kh2 81. Ke2 g2 82. Kxf2 g1Q+ 0-1

[Event "HUN-chT3"]
[Site "Hungary"]
[Date "1997.??.??"]
[Round "?"]
[White "Csakai, Gyula"]
[Black "Gyongyosi, Balasz"]
[Result "0-1"]
[WhiteElo "1835"]
[BlackElo "1915"]
[PlyCount "104"]
[EventDate "1997.??.??"]
[EventType "team"]
[EventRounds "13"]
[EventCountry "HUN"]
[SourceTitle "EXT 2001"]
[Source "ChessBase"]
[SourceDate "2000.11.22"]
[SourceVersion "1"]
[SourceVersionDate "2000.11.22"]
[SourceQuality "1"]

1. d4 d5 2. Nf3 e6 3. Bf4 Nf6 4. e3 Be7 5. Bd3 0-0 6. 0-0 Nbd7 7. Re1 c5 8. c3 b6 9. Nbd2 Bb7 10. e4 dxe4 11. Nxe4 Nxe4 12. Bxe4 Bxe4 13. Rxe4 Nf6 14. Re2 Nd5 15. Bg3 cxd4 16. Nxd4 Bd6 17. Qa4 Bxg3 18. hxg3 Qe8 19. Qxe8 Rfxe8 20. Rd1 a6 21. c4 Nf6 22. Nc6 Kf8 23. b3 Rec8 24. Ne5 Rd8 25. Red2 Rxd2 26. Rxd2 Ke7 27. Nc6+ Ke8 28. f3 Rc8 29. Rd6 Nd7 30. Kf2 Rc7 31. f4 Rc8 32. Nb4 Ke7 33. Rd4 a5 34. Nd3 Nc5 35. Ne5 f6 36. Ng4 Rd8 37. Ke3 Rxd4 38. Kxd4 Kd6 39. Nf2 e5+ 40. Ke3 f5 41. g4 exf4+ 42. Kxf4 fxg4 43. Nxg4 Nd3+ 44. Ke4 Nc1 45. Ne3 Kc5 46. Nc2 Nxa2 47. Kd3 Nb4+ 48. Kc3 Nxc2 49. Kxc2 h5 50. g3 Kb4 51. Kb2 g5 52. Kc2 h4 0-1

[Event "HUN-chT2"]
[Site "Hungary"]
[Date "1996.??.??"]
[Round "?"]
[White "Horgos, Zsolt"]
[Black "Csakai, Gyula"]
[Result "1/2-1/2"]
[WhiteElo "1685"]
[BlackElo "1895"]
[PlyCount "61"]
[EventDate "1996.??.??"]
[EventType "team"]
[EventRounds "13"]
[EventCountry "HUN"]
[SourceTitle "EXT 2006"]
[Source "ChessBase"]
[SourceDate "2005.11.24"]
[SourceVersion "1"]
[SourceVersionDate "2005.11.24"]
[SourceQuality "1"]

1. e4 e5 2. Nf3 Nc6 3. Bc4 Bc5 4. d3 h6 5. Nc3 Nf6 6. 0-0 0-0 7. a3 d6 8. b4 Bb6 9. h3 Nd4 10. Be3 Be6 11. Ba2 a5 12. Na4 Nxf3+ 13. Qxf3 Bxe3 14. Qxe3 axb4 15. Bxe6 fxe6 16. axb4 Qd7 17. Nb2 Qc6 18. Qd2 d5 19. exd5 Qxd5 20. Qc3 c6 21. Nc4 Qd4 22. Qxd4 exd4 23. Rfe1 Nd5 24. Rxa8 Rxa8 25. Rxe6 Nxb4 26. Nd6 Nxc2 27. Nxb7 Nb4 28. Rd6 Nxd3 29. Rxd4 Ra1+ 30. Kh2 Nxf2 31. Rc4 1/2-1/2